000 00439nam a2200181Ia 4500
001 17383
005 20260306171513.0
008 260306s9999||||xx |||||||||||||| ||und||
041 _aESP
082 _a657.835
_bA48
100 _aAlvarado Mairena, José
_eAUT
245 0 _aManual de contabilidad gubernamental
260 _c2012
300 _a765 páginas :
_c25 cm.
650 _aGEN
654 _aCCO
942 _cLIB
_dJUS
_fJUS
_2ddc
_n
999 _c17383
_d17383